000 00273nam a2200109Ia 4500
005 20251222144835.0
008 251222s9999||||xx |||||||||||||| ||spa||
082 _a616.89/D44
245 0 _aSalud Mental y Derechos Humanos:
264 _bDefensoría del Pueblo
942 _cLIB
999 _c21003
_d21003